| 000 | 00773cam a22002531 4500 | ||
|---|---|---|---|
| 001 | 21611 | ||
| 003 | BD-RjUL | ||
| 005 | 20211209000716.0 | ||
| 008 | 140305s1968 nyu b 000 0 eng | ||
| 035 | _a(BD-RjUL)21675 | ||
| 040 |
_aDLC _cDLC _dDLC _dBD-RjUL _beng |
||
| 041 | _aeng | ||
| 082 | 0 | 0 |
_a823.03 _bEIG 1968 |
| 245 | 1 | 0 |
_aEighteenth-century British novelists on the novel / _cedited by George L. Barnett. |
| 260 |
_aNew York : _bAppleton-Century-Crofts, _c1968. |
||
| 300 |
_axv, 177 p. ; _c24 cm. |
||
| 490 | 0 | _aA Goldentree book | |
| 504 | _aBibliographical footnotes. | ||
| 650 | 0 |
_aEnglish fiction _y18th century _xHistory and criticism. _955394 |
|
| 700 | 1 |
_aBarnett, George L. _966742 |
|
| 942 |
_2ddc _cBK |
||
| 999 |
_c21611 _d21611 |
||